000 00375nam a22001577a 4500
003 CEME
005 20210628203556.0
008 210201b xxu||||| |||| 00| 0 eng d
040 _c.
082 _a891.4393 HAM
245 _aKhufia mission
260 _aLAHORE
_bSANG-E-MEEL
_c1997
300 _a315P
650 _aURDU ADAB-NOVEL-KHUFIA MISSION
_966334
942 _cBK
_2ddc
999 _c574316
_d574316